000
00328nam a22001457a 4500
003
SGT
020
_a
0-94-414219-2
082
_a
651.3
_b
C90V
100
_a
VIKRAM, BHATT
245
_a
CONTEMPORARY INDIAN ARCHITECTURE
260
_a
NEW DELHI
_b
MAPIN PUB
_c
1990
300
_a
221
650
_a
HOTEL MANAGEMENT
942
_2
ddc
_c
BK
999
_c
12956
_d
12956